000 00302nam a22001217a 4500
008 230704b xxu||||| |||| 00| 0 eng d
020 _a9966961615
082 _a342.02
_bNGU 2000
245 _aWrite Your Country's New Constitution
260 _bKiriro wa Ngugi
_c2000
300 _a72p
942 _2ddc
_cBK
999 _c3652
_d3652